| 000 | 00979cam a2200193 4500 | ||
|---|---|---|---|
| 008 | 030827n2003 000 0 eng u | ||
| 035 | _a(Sirsi) u123379 | ||
| 245 | _aLibraries advised to update image | ||
| 260 | _c2003 | ||
| 490 |
_aPlanning (for the Natural and Built Environment) _v(1533) 22 August 2003, 1(1) |
||
| 520 | _aA report by the Commission for Architecture and the Built Environment (CABE) and Re:source ( the Council for Museums, Archives and Libraries) suggests that public libraries need to expand their role in local communities. Highlights how well-designed libraries have a positive effect on an area's regeneration, such as Peckham, London. "Better public libraries" is available free from CABE, t +44(0)20 7960 2400 or via their website, http://www.cabe.org.uk. | ||
| 590 | _aWB | ||
| 650 | _aPUBLIC LIBRARIES | ||
| 650 | _aLIBRARY DESIGN | ||
| 650 | _aLOCAL COMMUNITIES | ||
| 650 | _aCOMMUNITY FACILITIES | ||
| 690 | _aREGENERATION | ||
| 942 | _n0 | ||
| 999 |
_c73286 _d73286 |
||